000 00633nam a2200205Ii 4500
003 JO-AjNU
008 230605s9999||||xx |||||||||||||| ||und||
040 _aJO-AjNU
_bara
_erda
_cJO-AjNU
041 _aara
050 1 4 _aBP75.2.S426 1992
100 3 _aشلبي، محمود,
_eauthor
_913606
245 0 0 _aحياة رسول الله
250 _aط5
264 3 1 _aبيروت: دار الجيل، 1992
300 _a296ص
336 _atext
_btxt
_2rdacontent
337 _aunmediated
_bn
_2rdamedia
338 _avolume
_bnc
_2rdacarrier
650 4 _aالسيرة النبوية- محمد صلى الله عليه وسلم
_913607
999 _aA3431
_c6999
_d6999